000 00460nam a2200181Ia 4500
001 4469
005 20260306145758.0
008 260306t2020||||xx |||||||||||||| ||spa||
041 _aESP
082 _a323.042
_bF75
100 _aFord, Elaine
_eAUT
245 0 _aEl reto de la democracia digital:
_bhacia una ciudadanĂ­a interconectada
260 _c2020
300 _a174 páginas :
_c21 cm.
650 _aGEN
654 _aCHU
942 _cLIB
_dJUS
_fJUS
_2ddc
_n
999 _c4469
_d4469